Riley Green- I Wish Grandpas Never Died - Statistics

General Stats
  • This quiz has been taken 48 times
  • The average score is 284 of 339
Answer Stats
Lyrics % Correct
I
100%
never
100%
Never
100%
wish
100%
Wish
100%
a
97%
and
97%
And
97%
died
97%
grandpas
97%
every
94%
back
90%
had
90%
the
90%
truck
90%
beds
87%
cars
87%
cold
87%
Copperhead
87%
got
87%
high
87%
of
87%
road
87%
school
87%
was
87%
Bud
84%
caught
84%
coolers
84%
cotton
84%
drinkin
84%
gas
84%
home
84%
kids
84%
Light
84%
lost
84%
low
84%
named
84%
out
84%
price
84%
to
84%
even
81%
learn
81%
teams
81%
time
81%
gave
77%
closing
74%
diamond
74%
honky-tonks
74%
ma'am
74%
porch
74%
rings
74%
say
74%
sir
74%
still
74%
swing
74%
again
71%
could
71%
Could
71%
girls
71%
learned
71%
ran
71%
run
71%
you
71%
didnt
68%
drive
68%
end
68%
have
68%
hometeams
68%
how
68%
loved
68%
no
68%
on
68%
Birmingham
65%
creek
65%
hand
65%
shake
65%
state
65%
bank
61%
would
61%
nights
58%
old
58%
happen
55%
Mama
55%
Tried
55%
words
55%
Country
52%
day
52%
dogs
52%
first
52%
Friday
52%
kiss
52%
music
52%
played
52%
radio
52%
sold
52%
all
48%
everybody
48%
felt
48%
in
48%
knew
48%
like
48%
Monday
48%
my
48%
everything
45%
farms
45%
good
45%
just
45%
she
45%
Chevrolet
42%
grey
42%
overseas
42%
Sundays
42%
it
39%
make
39%
gonna
32%
mornin's
32%
seventeen
32%
honkey-tonks
23%
No matching quizzes found
Score Distribution
Percent of People with Each Score
Percentile by Number Answered
Your Score History
You have not taken this quiz